| Tag |
First Indicator |
Second Indicator |
Subfields |
| LEADER |
00000cam a2200000 a 4500 |
| 001 |
in00000028817 |
| 005 |
20151007054714.0 |
| 008 |
880506s1988 fr a 00000 eng d |
| 020 |
|
|
|a 9264130586
|
| 035 |
|
|
|a (OCoLC)17911822
|
| 035 |
|
|
|9 AAB5993AM
|
| 040 |
|
|
|a EIN
|c EIN
|d TXA
|d UtOrBLW
|
| 049 |
|
|
|a TXAM
|c [A11522672]
|
| 050 |
|
4 |
|a Q127.D4
|b R48 1988
|
| 245 |
0 |
0 |
|a Reviews of national science and technology policy :
|b Denmark.
|
| 264 |
|
1 |
|a Paris :
|b Organisation for Economic Cooperation and Development,
|c [1988]
|
| 264 |
|
4 |
|c ©1988
|
| 300 |
|
|
|a 119 pages :
|b illustrations ;
|c 23 cm.
|
| 336 |
|
|
|a text
|b txt
|2 rdacontent
|
| 337 |
|
|
|a unmediated
|b n
|2 rdamedia
|
| 338 |
|
|
|a volume
|b nc
|2 rdacarrier
|
| 500 |
|
|
|a Published also in French under the title : Politiques nationales de la science et de la technologie : Danemark.
|
| 650 |
|
0 |
|a Science and state
|z Denmark.
|
| 650 |
|
0 |
|a Technology and state
|z Denmark.
|
| 710 |
2 |
|
|a Organisation for Economic Co-operation and Development.
|
| 999 |
|
|
|a MARS
|
| 999 |
f |
f |
|s 755e0d3d-0af7-3ca8-a317-6f9d5c127431
|i 88cd30c2-8ea0-36b7-a808-c1a69a161f80
|t 0
|
| 952 |
f |
f |
|p ric
|a Texas A&M University
|b Rellis Campus
|c Joint Library Facility
|d Remote Storage
|t 0
|e Q127.D4 R48 1988
|h Library of Congress classification
|i unmediated -- volume
|m A14811522672
|
| 998 |
f |
f |
|a Q127.D4 R48 1988
|t 0
|l Remote Storage
|